| 000 | 00820nam a2200265Ia 4500 | ||
|---|---|---|---|
| 003 | GCL | ||
| 008 | 140319s9999 xx 000 0 ara d | ||
| 040 |
_aGCL / _cGCL |
||
| 082 | 0 | 4 |
_a523.43 _bم م |
| 100 | 1 | _aمنير احمد محمود حمدى | |
| 245 | 1 | 0 |
_aالمريخ الكوكب الاحمر / _cمنير احمد محمود حمدى |
| 700 | 1 | _aجمال الفندى | |
| 260 |
_a[S.N] : _bالهيئة المصرية العامة للكتاب ، _c1992 |
||
| 300 | _a67 ص | ||
| 490 |
_aسلسلة العلم والحياة _v0 |
||
| 650 | 0 | 4 | _aالمناخ |
| 650 | 0 | 4 | _aمدارس |
| 650 | 0 | 4 | _aالكواكب |
| 650 | 0 | 4 | _aالنيازك |
| 650 | 0 | 4 | _aالمذنبات |
| 650 | 0 | 4 | _aالمريخ |
| 650 | 0 | 4 | _aالمجموعة الشمسية |
| 650 | 0 | 4 | _aالزهرة |
| 942 |
_2ddc _cBK |
||
| 999 |
_c30964 _d30964 |
||